Queen Song Titles in French - Statistics

General Stats
  • This quiz has been taken 11 times
  • The average score is 12 of 20
Answer Stats
Hint Answer % Correct
Le miracle The Miracle
100%
Nous sommes les champions We Are The Champions
100%
Une sorte de magie A Kind Of Magic
89%
Le spectacle doit continuer The Show Must Go On
89%
Sous pression Under Pressure
89%
Petite chose folle appelée amour Crazy Little Thing Called Love
78%
Ne m'arrêtez pas maintenant Don't Stop Me Now
78%
L'amour de ma vie Love Of My Life
78%
Quelqu'un à aimer Somebody To Love
78%
Un autre mord la poussière Another One Bites The Dust
67%
Course cycliste Bicycle Race
67%
La Reine tueuse Killer Queen
56%
Nous allons vous bercer We Will Rock You
56%
Je veux me libérer I Want To Break Free
44%
Menteur Liar
44%
Qui veut vivre éternellement Who Wants To Live Forever
44%
Marteau pour tomber Hammer To Fall
33%
Attache ta mère Tie Your Mother Down
33%
Insinuation Innuendo
22%
Restez en vie Keep Yourself Alive
0%
No matching quizzes found
Score Distribution
Percent of People with Each Score
Percentile by Number Answered
Your Score History
You have not taken this quiz